| 000 | 00432nam a2200133Ia 4500 | ||
|---|---|---|---|
| 008 | 260210s9999 xx 000 0 und d | ||
| 024 | _a10B-71-BS & 10B-54-BS | ||
| 082 | _a004.165072 ABD | ||
| 100 | _aAbdul Baqui Khan & Rahid Sajjad | ||
| 245 | 0 | _aProblems of Objects Collision in Android Game Programming | |
| 260 |
_aKarachi: _bUITU, _c2010 |
||
| 600 | _aComputer Science | ||
| 650 | _aBachelor of Computer Science (BS) | ||
| 999 |
_c32357 _d32357 |
||